|
|
|
|
| LEADER |
01159nam a2200301 a 4500 |
| 001 |
GR-MES2176 |
| 008 |
991111s1995 enk 000 b eng d |
| 020 |
|
|
|a 0002200171
|
| 040 |
|
|
|a GrPaTEI
|b gre
|c GR-PaULI
|
| 245 |
0 |
0 |
|a Alpine flowers of Britain and Europe.
|
| 260 |
|
|
|a London :
|b Harper Collins,
|c 1995
|
| 300 |
|
|
|a 377σ. :
|b pic.
|
| 490 |
1 |
|
|a Collins pocket guide
|
| 500 |
|
|
|a Περιλαμβάνει ευρετήριο.
|
| 650 |
|
4 |
|a Αλπικα
|
| 650 |
|
4 |
|a Ανθοφορια
|
| 650 |
|
4 |
|a Βρετανία
|
| 650 |
|
4 |
|a Ευρώπη
|
| 650 |
|
4 |
|a Λουλούδια
|
| 650 |
|
4 |
|a Φυσιολογία
|
| 700 |
1 |
|
|a Blamey, Marjorie
|
| 700 |
1 |
|
|a Grey-Wilson, Christopher
|
| 710 |
0 |
|
|a Harper Collins
|
| 830 |
|
0 |
|1 0015562
|1 2001
|a Coral reef!
|b Ηλεκτρονικοί πόροι : The vanishing undersea world : An exhilarating multimedia expedition
|
| 942 |
|
|
|2 ddc
|
| 952 |
|
|
|0 0
|1 0
|2 ddc
|4 0
|6 635_952000000000000_8_GRE
|7 0
|9 266498
|a MSLG
|b MSLG
|c BSC
|d 2021-01-17
|e 24
|f 0
|g 0.00
|l 0
|o 635.952 8 GRE
|p 2420000012474
|r 2021-01-17 00:00:00
|t 1
|w 2021-01-17
|y BK15
|x 19991111 0 1
|x GrPaTEI
|
| 971 |
|
|
|a .b25732201
|b 15-04-20
|c 13-09-16
|
| 999 |
|
|
|c 153320
|d 153320
|